000 00541nam a2200217Ia 4500
003 OSt
005 20220924134421.0
006 a|||||r|||| 00| 0
007 ta
008 220923b |||||||| |||| 00| 0 snd d
024 _a274126
037 _cTextual
040 _aARTS
_cARTS
_bsnd
041 _2snd
_asnd
082 _aQ2:25x, 1593K2
100 _aJahamandas
_9208502
245 0 _aShri Anandpur Sahib ja yatra
260 _c1962
942 _hQ2:25x, 1593K2
_cTEXL
_2CC
999 _c437377
_d437377